000
00293nam a2200133Ia 4500
008
191201s2009 xx 000 0 und d
100
_a
MILES,Kelly
245
0
_a
Space
250
_a
1st
260
_a
U.K
_b
Miles kelly pub
_c
2009
300
_a
384
650
_a
General Books
942
_2
ddc
_c
BK
999
_c
4556
_d
4556